000 00834cab a22002055a 4500
001 L146393
008 090114e20090109xxko g 000 0 eng d
035 _a(Sirsi) u146393
041 0 _aeng
100 1 _aLever, John
245 0 4 _aThe hot seat
260 _c2009
490 _aBuilding
_v274 (8561) 9 January 2009, 52-53 (2)
520 _aDiscusses the first formal review of the Assessment of Professional Competence (APC) process, how to prepare for it and which documents are necessary. Provides advice for the candidate and the supervisor. Also includes brief information on how to prove competence on health and safety issues.
590 _aKA
651 4 _aUnited Kingdom
_y
690 _aCAREERS, EDUCATION AND TRAINING-QUALIFICATION ROUTES-ASSESSMENT OF PROFESSIONAL COMPETENCE
700 1 _aElder, Ben
942 _n0
999 _c81136
_d81136